|
|
|
|
| LEADER |
01212na a2200325 4500 |
| 001 |
000031103 |
| 003 |
5429 |
| 005 |
20230225101053.0 |
| 008 |
151001s1999 000 eng |
| 040 |
|
|
|a LNN
|
| 041 |
|
|
|a eng
|
| 082 |
|
|
|a 420.4
|b DƯ-T
|2 Syntactic
|
| 100 |
|
|
|a Dương Thị Thu Thảo
|
| 245 |
|
0 |
|a On Syntactic Features of the Obligatory Elements in the English Verds Complementation /
|c Dương Thị Thu Thảo
|n Syntactic
|
| 260 |
|
|
|c 1999.
|
| 300 |
|
|
|a 50tr. : mh ; 30cm.
|
| 650 |
|
|
|a On Syntactic Features of the Obligatory Elements in the English Verds Complementation, Syntactic, 1999, SV,50TR
|
| 852 |
|
|
|c Luận văn sinh viên
|
| OWN |
|
|
|a LNN
|
| AVA |
|
|
|a UDN50
|b LNN
|c English
|d 420.4 DƯ-T
|e available
|t Error 5001 Not defined in file expand_doc_bib_avail.
|f 1
|g 0
|h N
|i 0
|j AN
|k 1
|
| 999 |
|
|
|a From the UDN01
|
| AVA |
|
|
|a UDN50
|b LNN
|c English
|d 420.4 DƯ-T
|e available
|t Error 5001 Not defined in file expand_doc_bib_avail.
|f 1
|g 0
|h N
|i 0
|j AN
|k 1
|
| TYP |
|
|
|a Printed language
|
| 980 |
|
|
|a Mạng thư viện Đại học Đà Nẵng
|